000 00557nam a2200181 a 4500
001 000048748
005 20201002061357.0
008 190411s2016 dr 000 p spa d
020 _a9789945589023
040 _aDO-SdBNP
_bspa
_cBNPHU
082 _axxxx
_bA774b
100 1 _aArredondo, Simeón,
_d1971-
_924312
245 1 0 _aBeso de arpa /
_cSimeón Arredondo.
260 _aSanto Domingo :
_bSantuario,
_c2016.
300 _a86 p. ;
_c23 cm.
500 _aIncluye datos biográficos del autor en la solapa de la cubierta
590 _aInventariado, 2019/LP
999 _c48236
_d48236